[RE] S.J.O : diseño de una propuesta de repoblamiento en el Casco Central de San José, a través del aprovechamiento de edificios en desuso y/o subutilización
Saved in:
| Main Author: | |
|---|---|
| Other Authors: | |
| Format: | Book |
| Language: | Spanish |
| Published: |
[San José , Costa Rica]
2018
|
| Subjects: | |
| Tags: |
Add Tag
No Tags, Be the first to tag this record!
|
MARC
| LEADER | 00000nam a22000007a 4500 | ||
|---|---|---|---|
| 003 | EA0247 | ||
| 005 | 20230307075232.0 | ||
| 008 | 190702b2018 cr a|||| |m|| 00| ||spa d | ||
| 040 | |c cru CEDI | ||
| 100 | |9 17333 |a Pacheco Barrantes, Marianela | ||
| 245 | |a [RE] S.J.O : diseño de una propuesta de repoblamiento en el Casco Central de San José, a través del aprovechamiento de edificios en desuso y/o subutilización | ||
| 260 | |a [San José , Costa Rica] |c 2018 | ||
| 500 | |a Proyecto de graduación (licenciatura en arquitectura)--Universidad de Costa Rica. Facultad de Ingeniería. Escuela de Arquitectura | ||
| 501 | |a Directora de Proyecto de Graduación: Mag. Catherine Kauffmann Incer (Arq) | ||
| 650 | |x REHABILITACION URBANA - SAN JOSE (COSTA RICA) |x URBANISMO - SAN JOSE (COSTA RICA) |x SAN JOSE (COSTA RICA) - CONDICIONES ECONOMICAS |x SAN JOSE (COSTA RICA) - CONDICIONES SOCIALES |x IMAGEN DE LA CIUDAD - SAN JOSE (COSTA RICA) |x BASURAS Y APROVECHAMIENTO DE BASURAS - SAN JOSE (COSTA RICA) |9 17334 | ||
| 700 | |9 111 |a Kauffmann Incer, Catherine, 1974- |d Directora del TFG | ||
| 942 | |c CEDI |h TFG EA-247 |6 TFG_EA247 | ||
| 999 | |c 21724 |d 21724 | ||
